| 000 | 00478nam a2200205Ia 4500 | ||
|---|---|---|---|
| 003 | OSt | ||
| 005 | 20251209112607.0 | ||
| 008 | 250729s1930 xx 000 0 und d | ||
| 020 | _a978-1432572068 | ||
| 040 | _cAL | ||
| 041 | _aeng | ||
| 082 | _a200 PIUC | ||
| 100 |
_aPius Xi Pope _9226234 |
||
| 245 | _aChristian marriage | ||
| 260 |
_aLondon _c1930 |
||
| 300 | _a64p | ||
| 650 |
_aThought & Religion _9226235 |
||
| 700 |
_aRao Digumurthi _9226236 |
||
| 942 |
_2ddc _cBED |
||
| 999 |
_c237226 _d237226 |
||